000 00418pab a2200145 454500
008 180718b1997 xxu||||| |||| 00| 0 eng d
100 _aHeer, Burkhard
245 _aUnemployment insurance versus welfare payment: a dynamic CGE analysis of employment and welfare effects
260 _c1997
300 _ap.367-93
650 _aUnemployment
650 _aSocial security
773 _aPublic Finance
909 _a48756
999 _c48756
_d48756